000
00201 a2200097 4500
001
7838
100
_a
Haines, R
245
_a
Africa : Land of contrasts
260
_a
_b
Harrap
_c
090
_c
6287
_d
6287
942
_a
NUST-CAE
_c
M
_c
32808
999
_c
242911
_d
242911